Test atencional de niños en plena etapa escolar
Uloženo v:
| Hlavní autoři: | , |
|---|---|
| Médium: | Kniha |
| Jazyk: | španělština |
| Vydáno: |
Valparaíso
Universidad Católica de Valparaíso
1999
|
| Témata: | |
| Tagy: |
Přidat tag
Žádné tagy, Buďte první, kdo vytvoří štítek k tomuto záznamu!
|
MARC
| LEADER | 00000nam a2200000 a 4500 | ||
|---|---|---|---|
| 001 | UCO4455 | ||
| 003 | CL-VaPUC | ||
| 008 | 000804e19990000CL |||||||||||||||||spa|d | ||
| 082 | 0 | 4 | |a 519.5 |b PIZ |2 21 |
| 100 | 0 | |a Pizarro P., Danitza |e author |9 448982 | |
| 700 | 0 | |a Urrejola C., Caterina |e author |9 448983 | |
| 245 | 1 | 0 | |a Test atencional de niños en plena etapa escolar |
| 300 | |a 50 h | ||
| 942 | |c BK | ||
| 945 | |d 20000804 00:00:00 |a vberengu | ||
| 260 | |a Valparaíso |b Universidad Católica de Valparaíso |c 1999 | ||
| 500 | |a Taller de Estadística; prof. guía: Renato Allende Olivares; Jorge Galbiati Riesco | ||
| 500 | |a Incluye disquette | ||
| 650 | 0 | |a Análisis estadístico |9 269506 | |
| 650 | 0 | |a Atención visual |9 448984 | |
| 650 | 0 | |a Color |9 265507 | |
| 650 | 0 | |a Estadística matemática |9 260028 | |
| 650 | 7 | |a FORMA |2 CL-VaPUC |9 347943 | |
| 650 | 0 | |a Percepción |9 266750 | |
| 650 | 0 | |a Psicometría |9 260694 | |
| 650 | 7 | |a TEST PSICOLOGICOS |2 CL-VaPUC |9 333478 | |
| 583 | |a last modification |c 20130403 01:57:48 |k Rodrigo Vera | ||
| 999 | |c 290496 |d 290494 | ||
| 952 | |0 0 |1 0 |2 ddc |4 0 |6 519_500000000000000_PIZ_1999 |7 0 |8 T |9 339962 |a BIBGIM |b BIBGIM |d 2019-11-20 |i 3605841 |o 519.5 PIZ 1999 |p 3605841 |r 2019-11-20 |w 2019-11-20 |y BK_F |k EST | ||